Schnelle Mathematik - Addition Level 04 - Statistiken

Allgemein
  • Dieses Quiz wurde 237 mal gespielt
    231 seit der letzten Aktualisierung
  • Das Durchschnittsergebnis liegt bei 19 aus 20
Antwortstatistiken
Frage Antwort % Korrekt
4+6 10
100%
10+0 10
100%
99+1 100
100%
10+1 11
100%
6+5 11
100%
10+1 11
100%
10+2 12
100%
10+3 13
100%
10+4 14
100%
10+5 15
100%
9+7 16
100%
8+9 17
100%
10+7 17
100%
10+8 18
100%
14+5 19
100%
19+4 23
100%
18+6 24
100%
18+7 25
100%
20+6 26
100%
22+6 28
100%
21+10 31
100%
29+3 32
100%
32+3 35
100%
31+6 37
100%
32+5 37
100%
30+9 39
100%
38+3 41
100%
42+1 43
100%
35+9 44
100%
45+2 47
100%
45+4 49
100%
46+4 50
100%
48+4 52
100%
50+4 54
100%
50+8 58
100%
50+10 60
100%
52+9 61
100%
54+7 61
100%
62+0 62
100%
60+7 67
100%
66+3 69
100%
59+10 69
100%
66+6 72
100%
71+2 73
100%
68+10 78
100%
83+1 84
100%
83+2 85
100%
82+4 86
100%
81+7 88
100%
87+1 88
100%
89+2 91
100%
91+1 92
100%
84+8 92
100%
94+0 94
100%
86+8 94
100%
94+1 95
100%
95+0 95
100%
89+8 97
100%
93+5 98
100%
95+3 98
100%
2+10 12
96%
13+7 20
96%
41+8 49
96%
45+5 50
96%
58+2 60
96%
73+6 79
96%
7+8 15
95%
10+6 16
95%
16+2 18
95%
26+7 33
95%
27+6 33
95%
32+2 34
95%
31+4 35
95%
61+9 70
95%
72+7 79
95%
97+2 99
95%
97+3 100
94%
93+9 102
94%
13+4 17
94%
10+9 19
94%
10+10 20
94%
21+5 26
94%
40+2 42
94%
43+3 46
94%
55+6 61
94%
67+5 72
94%
76+0 76
94%
69+9 78
94%
81+0 81
94%
87+7 94
94%
30+0 30
93%
24+9 33
93%
25+8 33
93%
34+2 36
93%
49+5 54
93%
54+4 58
93%
74+3 77
93%
88+0 88
93%
75+1 76
92%
78+8 86
92%
92+8 100
91%
5+10 15
91%
26+10 36
91%
47+10 57
91%
87+4 91
91%
4+10 14
90%
91+3 94
90%
23+0 23
89%
7+0 7
89%
89+6 95
89%
33+10 43
88%
66+9 75
88%
79+0 79
88%
86+1 87
88%
95+7 102
87%
10+3 13
87%
28+1 29
85%
63+8 71
84%
37+9 46
83%
90+5 95
83%
28+5 33
79%
Keine übereinstimmenden Quizze gefunden
Verteilung der Resultate
Anzahl Personen mit jedem Resultat
Perzentil nach korrekt beantworteten Fragen
Ihre Resultats-Entwicklung
Sie haben dieses Quiz seit der letzten Aktualisierung nicht gespielt